Statistics for Words that End in "-inge"

Click here to take the quiz!

General Stats

  • This quiz has been taken 191 times
  • The average score is 7 of 13

Answer Stats

Answer% Correct
Hinge
92%
Binge
89%
Cringe
83%
Tinge
77%
Singe
75%
Fringe
72%
Whinge
72%
Dinge
67%
Syringe
40%
Twinge
25%
Unhinge
20%
Impinge
17%
Infringe
12%

Score Distribution

Percentile by Number Answered

Percent of People with Each Score

Your Score History

You have not taken this quiz